Computers and graph theory : (Record no. 7373)
[ view plain ]
| 000 -LEADER | |
|---|---|
| fixed length control field | 00930nam a2200313 4500 |
| 001 - CONTROL NUMBER | |
| control field | 1089149 |
| 005 - DATE AND TIME OF LATEST TRANSACTION | |
| control field | 20150513115604.0 |
| 007 - PHYSICAL DESCRIPTION FIXED FIELD--GENERAL INFORMATION | |
| fixed length control field | 000 |
| 008 - FIXED-LENGTH DATA ELEMENTS--GENERAL INFORMATION | |
| fixed length control field | 000 |
| 010 ## - LIBRARY OF CONGRESS CONTROL NUMBER | |
| LC control number | 91020015 |
| 020 ## - INTERNATIONAL STANDARD BOOK NUMBER | |
| International Standard Book Number | 0131616056 : |
| Terms of availability | $36.95 |
| 035 ## - SYSTEM CONTROL NUMBER | |
| System control number | (OCoLC)23972782 |
| System control number | (OCoLC)ocm23972782 |
| System control number | (NNC)1089149 |
| 040 ## - CATALOGING SOURCE | |
| Original cataloging agency | OUEL |
| Transcribing agency | DLC |
| 050 00 - LIBRARY OF CONGRESS CALL NUMBER | |
| Classification number | QA166 |
| Item number | .B47 1991 |
| 082 00 - DEWEY DECIMAL CLASSIFICATION NUMBER | |
| Classification number | 511/.5/0285 |
| Edition number | 20 |
| 100 1# - MAIN ENTRY--PERSONAL NAME | |
| Personal name | Bharath, Ramachandran. |
| 245 10 - TITLE STATEMENT | |
| Title | Computers and graph theory : |
| Remainder of title | representing knowledge for processing by computers / |
| Statement of responsibility, etc | Ramachandran Bharath. |
| 260 ## - PUBLICATION, DISTRIBUTION, ETC. (IMPRINT) | |
| Place of publication, distribution, etc | New York : |
| Name of publisher, distributor, etc | E. Horwood, |
| Date of publication, distribution, etc | 1991. |
| 263 ## - PROJECTED PUBLICATION DATE | |
| Projected publication date | 9107 |
| 300 ## - PHYSICAL DESCRIPTION | |
| Extent | 136 p. : |
| Other physical details | ill. ; |
| Dimensions | 24 cm. |
| 490 1# - SERIES STATEMENT | |
| Series statement | Ellis Horwood series in computers and their applications |
| 504 ## - BIBLIOGRAPHY, ETC. NOTE | |
| Bibliography, etc | Includes bibliographical references and index. |
| 650 #0 - SUBJECT ADDED ENTRY--TOPICAL TERM | |
| Topical term or geographic name as entry element | Graph theory |
| General subdivision | Mathematics |
| 830 #0 - SERIES ADDED ENTRY--UNIFORM TITLE | |
| Uniform title | Computers and their applications. |
| 942 ## - ADDED ENTRY ELEMENTS (KOHA) | |
| Source of classification or shelving scheme | Library of Congress Classification |
| Item type | Loan - Normal on open shelf |
| Withdrawn status | Lost status | Source of classification or shelving scheme | Damaged status | Not for loan | Home library | Current library | Shelving location | Date acquired | Total Checkouts | Full call number | Barcode | Date last seen | Copy number | Price effective from | Koha item type |
|---|---|---|---|---|---|---|---|---|---|---|---|---|---|---|---|
| Library of Congress Classification | UOE Main Library | UOE Main Library | Open shelf | 13/05/2015 | QA166 .B47 1991 | 10017345 | 27/04/2026 | 10017345 | 13/05/2015 | Loan - Normal on open shelf | |||||
| Library of Congress Classification | UOE Main Library | UOE Main Library | Open shelf | 13/05/2015 | QA166 .B47 1991 | 10017346 | 27/04/2026 | 10017346 | 13/05/2015 | Loan - Normal on open shelf |
